| 000 | 00000nam##2200000za#4500 |
| 001 | 9.572668 |
| 003 | CaOODSP |
| 005 | 20210624183328 |
| 007 | cr ||||||||||| |
| 008 | 150406|2007||||xxc|||||o f|0| 0 eng|d |
| 022 | |a1701-1280 |
| 040 | |aCaOODSP|beng |
| 043 | |an-cn--- |
| 086 | 1 |aFs70-4/2006-047E-PDF |
| 110 | 1 |aCanada. |bDepartment of Fisheries and Oceans. |
| 245 | 10|aPresentation and review of the benthic mapping project in Scallop Fishing Area 29, southwest Nova Scotia : |h[electronic resource]|b16 February 2006, Holiday Inn Harbourview, Dartmouth, Nova Scotia / |c[by] Stephen J. Smith. |
| 246 | 3 |aPrésentation et examen du projet de cartes benthiques dans la zone de pêche du pétoncle 29, au sud-ouest de la Nouvelle-Écosse |
| 260 | |aDartmouth - Nova Scotia : |bFisheries and Oceans Canada |cMarch 2007. |
| 300 | |a50p.|bcoloured figs., graphs, maps (some coloured), references, tables, photographs |
| 490 | 1 |aCanadian Science Advisory Secretariat proceedings series|x1701-1280|v2006/047 |
| 546 | |aChiefly English, with bilingual foreword and summary. |
| 590 | |a11-31-Supp|b2011-12-13 |
| 720 | 1 |aSmith, Stephen J. |
| 830 | #0|aProceedings series (Canadian Science Advisory Secretariat)|x1701-1280|v2006/047|w(CaOODSP)9.506483 |
| 856 | 40|ahttp://publications.gc.ca|qPDF|s4.50 MB|uhttps://publications.gc.ca/collections/collection_2011/mpo-dfo/Fs70-4-2006-047-eng.pdf|y2006/047 |